Publishing and book development in Sub-Saharan Africa: an annotated bibliography (Record no. 77167)

MARC details
000 -LEADER
fixed length control field 00911nam a2200193 a 4500
008 - FIXED-LENGTH DATA ELEMENTS--GENERAL INFORMATION
fixed length control field 120416s1996 ||||||||||||||||| || u
020 ## - INTERNATIONAL STANDARD BOOK NUMBER
International Standard Book Number 1873836465
050 ## - LIBRARY OF CONGRESS CALL NUMBER
Classification number Z 465.2 Zel
100 ## - MAIN ENTRY--PERSONAL NAME
Personal name Zell, Hans Martin
245 10 - TITLE STATEMENT
Title Publishing and book development in Sub-Saharan Africa: an annotated bibliography
246 ## -
-- an annotated bibliography
260 ## - PUBLICATION, DISTRIBUTION, ETC.
Place of publication, distribution, etc. London:
Name of publisher, distributor, etc. Hans Zell Publishers
Date of publication, distribution, etc. 1996
300 ## - PHYSICAL DESCRIPTION
Extent x, 409p.
350 ## -
-- 0.00
650 ## - SUBJECT ADDED ENTRY--TOPICAL TERM
Topical term or geographic name entry element BOOK INDUSTRIES AND TRADE--AFRICA, SUB-SAHARAN--BIBLIOGRAPHY
650 ## - SUBJECT ADDED ENTRY--TOPICAL TERM
Topical term or geographic name entry element PUBLISHERS AND PUBLISHING--AFRICA, SUB--SAHARAN--BIBLIOGRAPHY
995 ## -
-- ANNEX COLLECTION (Main Library)
-- 0.00
-- 729044
-- CBU-MAIN LIBRARY (Kitwe)
-- 1
-- 0.00
-- Z 465.2 Zel
-- 1
-- AVAILABLE
-- 021087
-- Annex Low-Usage Collection
995 ## -
-- ANNEX COLLECTION (Main Library)
-- 0.00
-- 735607
-- CBU-MAIN LIBRARY (Kitwe)
-- 2
-- 0.00
-- Z 465.2 Zel
-- 2
-- AVAILABLE
-- 48659
-- Annex Low-Usage Collection
999 ## -
-- 77167
-- 77167
Holdings
Withdrawn status Lost status Source of classification or shelving scheme Damaged status Not for loan Permanent Location Current Location Shelving location Date acquired Total Checkouts Full call number Barcode Date last seen Copy number Price effective from Koha item type
          CBU-MAIN LIBRARY, KITWE. CBU-MAIN LIBRARY, KITWE.   04/25/2023   Z 465.2 Zel 021087 04/25/2023 1 04/25/2023 MONOGRAPH
          CBU-MAIN LIBRARY, KITWE. CBU-MAIN LIBRARY, KITWE.   04/25/2023   Z 465.2 Zel 48659 04/25/2023 2 04/25/2023 MONOGRAPH